00536 2200181 4500245004900000020002200049250001100071100001800082700001900100650002000119005001900139260002900158041001400187084001100201300002700212500010600239336000900345 aKonspirasi Alam SemestacFiersa BesarihText a978-979-794-535-0 aCet. 9 aFiersa Besari aJuliagar R. N. aNovel Indonesia a20230929085542 aJakartabMediakitac2017 aIndonesia a808.83 avi, 238 hlm, :c19 cm. aSeperti apakah warna cinta? Apakah merah muda mewakili rekahannya,ataukah kelabu mewakili pecahannya? atext